000 00349nam a22001457a 4500
020 _a81-89999-14-1
082 _a823
_bPAI/A
100 _aPAI, ANAT
245 _aTHE ADVENTURES OF BADDU & CHOTTU
260 _aMUMBAI
_bAMAR CHITHA KATHA
300 _a30
520 _aENGLISH SHORT STORIES
650 _aENGLISH SHORT STORIES
_zMUMBAI
942 _cBK
999 _c5196
_d5196